• 首页
  • 本馆介绍
  • 公告通知
  • 最新文献
  • 馆藏检索
  • 电子资源
  • 读者导购
  • 参考咨询
  • 我的图书馆
  • 登录
  • 详细信息显示
  • 放入我的书架
  • 预约/预借图书
  • 作者相关作品
  • 分类相关作品
  • 丛书相关作品
  • 出版社相关作品

书目信息

  • 表格格式
  • 工作单格式
  • 卡片格式
题名:
古代逻辑故事选释
    
 
作者: 李建钊 著
分册:  
出版信息: 不祥   逻辑与语言研究会  1979.12
页数: 144页
开本: 19cm
丛书名:
单 册:
中图分类: B81-05
科图分类:
主题词: 逻辑--科学--关系
电子资源:
ISBN:
000 00529nam0 2200193 45
001 0181024616
005 20070731113610.48
010    @dCNY0.50
100    @a20810111d km y0chiy0120 ea
101 0  @achi
200 1  @a古代逻辑故事选释@AGU DAI LUO JI GU SHI XUAN SHI@f李建钊著@FLi Jian Zhao Zhu
210    @a不祥@c逻辑与语言研究会@d1979.12
215    @a144页@d19cm
300    @a教学用书
606 0  @a逻辑@x科学@x关系
690    @aB81-05@v3
701  0 @a李建钊@4著
801    @aCN@bTSTC@c20070731
905    @dB81-05@e111@f1@b172239
    
    古代逻辑故事选释/李建钊著.-不祥:逻辑与语言研究会,1979.12
    144页;19cm
    教学用书
    
    ISBN :CNY0.50
    
●
相关链接 在E读中查询图书 在五车中查询图书 在当当中查询图书 在豆瓣中查询图书


正题名:古代逻辑故事选释     索取号:B81-05/111         预约/预借

序号 登录号 条形码 馆藏地/架位号 状态 备注
1 0172232   000958191   密集书库/ [索取号:B81-05/111] 在馆    
2 0172233   202216075   密集书库/ [索取号:B81-05/111] 在馆    
3 0172234   001836892   密集书库/ [索取号:B81-05/111] 在馆    
4 0172235   001836614   密集书库/ [索取号:B81-05/111] 在馆    
5 0172236   001836936   密集书库/ [索取号:B81-05/111] 在馆    
6 0172237   202195409   密集书库/ [索取号:B81-05/111] 在馆    
7 0172238   000519763   第一借阅区/ [索取号:B81-05/111] 在馆    
8 0172239   000519781   第一样本阅览室/ [索取号:B81-05/111] 在馆    
9 0440327   204403270   密集书库/ [索取号:B81-05/111] 在馆    
10 0465259   204652599   密集书库/ [索取号:B81-05/111] 在馆    
11 0786386   207863864   密集书库/ [索取号:B81-05/111] 在馆    
唐山师范学院图书馆 欢迎您!
大连网信软件有限公司© 版权所有